COURTS OF INDIA (Record no. 31464)

MARC details
000 -LEADER
fixed length control field 00288nam a22001337a 4500
003 - CONTROL NUMBER IDENTIFIER
control field SGT
020 ## - INTERNATIONAL STANDARD BOOK NUMBER
International Standard Book Number 9788123022147
082 ## - DEWEY DECIMAL CLASSIFICATION NUMBER
Classification number 080
Item number C16B
100 ## - MAIN ENTRY--PERSONAL NAME
Personal name BOBDE, SHARAD ARVIND
245 ## - TITLE STATEMENT
Title COURTS OF INDIA
260 ## - PUBLICATION, DISTRIBUTION, ETC. (IMPRINT)
Name of publisher, distributor, etc PUBLICATIONS DIVISION GOI
Year of Publication 2016
300 ## - PAGE DESCRIPTION
No. of Pages 512
942 ## - ADDED ENTRY ELEMENTS (KOHA)
Source of classification or shelving scheme Dewey Decimal Classification
Koha item type Books
Holdings
Withdrawn status Lost status Source of classification or shelving scheme Damaged status Not for loan Home library Current library Shelving location Date acquired SGTU Total Checkouts Full call number Accession No. (Barcode) Date last seen Bill Date Koha item type
    Dewey Decimal Classification   Not For Loan SGT Chancellor's Library SGT Chancellor's Library Reference Book 17/06/2025 SGTU   080 C16B CH3471 17/06/2025 17/06/2025 Books